000 00951 a2200241 4500
008 100602t xxu||||| |||| 00| 0 eng d
010 _aENG-103383
020 _c325.00
_a9788189833336
035 _aEN-86916
037 _bDBAD / PUB
040 _aDPL
_bEng
082 _a335.412
100 _aRubin, I.I.
_932320
245 _aEssays on Marx's theory of value /
_cby I.I.Rubin ; translated by.Milos Samardzija [and] Fredy Perlman
260 _aDelhi
_bAakar Books
_c2009
270 _a28E Pocket 4, Mayur Vihar Phase 1,
_bDelhi
_e110091
_k011-22795505
_l011-22795641
_maakarbooks@gmail.
300 _aiv,275p.
_c24cm (pbk )
700 _932354
_aSamardzija, Milos
700 _aPerlman, Fredy
_933790
710 _932355
942 _adpl
_cEN
_2ddc
_mRUB
_h335.412
999 _c55205
_d55205